| 000 | 00397nam a2200145 a 4500 | ||
|---|---|---|---|
| 008 | 970225s1963||||xx 0 und c | ||
| 040 |
_aSNK _bslo _cSNK _eAACR2 |
||
| 100 | 1 | _aMelicherčík, Andrej | |
| 245 | 1 | 0 |
_aJuraj Jánošík _bHrdina protifeudálneho odboja slovenského ľudu _p2.DIEL |
| 260 |
_aMartin _bOsveta _c1963 |
||
| 300 | _a175 s. | ||
| 041 | _aslo | ||
| 044 |
_axo _cSK |
||
| 020 | _c14 | ||
| 999 |
_c12298 _d12298 |
||